Get the Picture: Bat or Pumpkin? Quiz Stats

 Plays Quiz Updated Oct 29, 2019

Score 0/12 Timer 02:00
17 Plays Today
Question Answer Wrong Answers
Vleermuis Bat
85%
Pumpkin
10.5%
Pompoen Pumpkin
84.6%
Bat
10.6%
Fledermaus Bat
83.7%
Pumpkin
11.5%
Citrouille Pumpkin
78.6%
Bat
16.2%
Zucca Pumpkin
71.9%
Bat
23.5%
Calabaza Pumpkin
70.6%
Bat
24.4%
Nietoperz Bat
69.5%
Pumpkin
25.6%
Murciélago Bat
65.9%
Pumpkin
28.8%
Pipistrello Bat
59.9%
Pumpkin
35%
Kürbis Pumpkin
57.9%
Bat
37.1%
Chauve-souris Bat
57.5%
Pumpkin
37.7%
Dynia Pumpkin
45.2%
Bat
50.2%

Today's Daily Dose

You're not logged in!

Compare scores with friends on all Sporcle quizzes.
OR
Log In

Sporcle TV

Today on Sporcle TV


Watch our educational content, quiz creation guides, and fun videos on Sporcle TV.

Show Comments

Extras

Top Quizzes Today


Score Distribution

Your Account Isn't Verified!

In order to create a playlist on Sporcle, you need to verify the email address you used during registration. Go to your Sporcle Settings to finish the process.

Report this User

Report this user for behavior that violates our Community Guidelines.

Details: